Erfolgreichste Karnevalslieder in den deutschen Charts - Statistiken

Allgemein
  • Dieses Quiz wurde 214 mal gespielt
    13 seit der letzten Aktualisierung
  • Das Durchschnittsergebnis liegt bei 5 aus 20
Antwortstatistiken
Platz Interpret Jahr Peak Wochen Lied % Korrekt
2 Druckluft 2025 1 5 Karnevalsmaus
83%
14 Höhner 2003 20 55 Viva Colonia
75%
18 Brings 2013 24 21 Kölsche Jung
50%
11 Querbeat 2015 16 10 Nie mehr Fastelovend
42%
13 Brings 2015 19 11 Polka, Polka, Polka
42%
1 Höhner 2007 1 67 Wenn nicht jetzt, wann dann?
42%
9 Mätropolis x DJ Aaron 2025 13 4 Rakete
33%
15 Trude Herr 1987 20 10 Niemals geht man so ganz
25%
19 De Boore 2003 25 26 Rut sin de Ruse
25%
12 Trude Herr 1960 18 4 Ich will keine Schokolade
17%
8 BAP 1982 13 22 Verdamp lang her
17%
4 Klaus & Klaus 1988 8 14 Der Eiermann
8%
17 Brings 2010 23 11 Halleluja
8%
10 Ernst Neger 1964 15 6 Das Humbta-tätärä
0%
6 Höhner 1998 12 16 Die Karawane zieht weiter... dä Sultan hät Doosch!
0%
5 Bläck Fööss 1985 9 15 Frankreich Frankreich
0%
16 Bläck Fööss 2010 22 8 He deit et wih un do deit et wih
0%
20 Bläck Fööss 1985 25 13 Katrin
0%
7 Höhner 2009 13 23 Schenk mir dein Herz
0%
3 Willy Millowitsch 1960 5 5 Schnaps, das war sein letztes Wort
0%
Keine übereinstimmenden Quizze gefunden
Verteilung der Resultate
Anzahl Personen mit jedem Resultat
Perzentil nach korrekt beantworteten Fragen
Ihre Resultats-Entwicklung
Sie haben dieses Quiz seit der letzten Aktualisierung nicht gespielt